000 00757nam a22002177a 4500
005 20100820112247.0
010 _aENG-100988
020 _a8172112955
_c400.00
020 _a9788172112950
_c400.00
035 _a332.1
037 _bDBAD/PUB
082 _a332.1
100 _aMitali Sen
_915427
245 _aLiability structure of Indian commercial banks /
_cby Mitali Sen
260 _aNew Delhi
_bNorthern Book Centre
_c2010
270 _a4221/1, Ansari Road, Daryaganj
_bNew Delhi
_e110002
300 _axxiv,152p.
_c22cm (Hb)
500 _aIncludes index
942 _2ddc
_cEN
_h332.1
_mSEN
999 _c42661
_d42661